| 000 | 00625nam a2200181Ia 4500 | ||
|---|---|---|---|
| 008 | 100921s9999 xx 000 0 und d | ||
| 082 |
_b8983 _a820 थ 70 |
||
| 100 | _a--- | ||
| 245 | _aCareers For Agricultural Graduates & Allied Scientists. | ||
| 260 |
_bगव्हरमेंट ऑफ इंडिया. _c1970 |
||
| 300 |
_a71 _b--- |
||
| 365 | _b0.6 | ||
| 520 | _aललित इंग्रजी. | ||
| 630 | _aCareers For Agricultural Graduates & Allied Scientists. | ||
| 650 | _aललित इंग्रजी. | ||
| 730 | _aCareers For Agricultural Graduates & Allied Scientists. | ||
| 942 | _cBOOK | ||
| 999 |
_c758096 _d758093 |
||